000 00780nam a22002057a 4500
999 _c177888
_d177888
005 20210309155006.0
010 _aENG-129180
020 _a978-81-237-9195-1
_c135.00
035 _aEN-112712
037 _bDBAD/PUB
082 _a616.24140954
100 _aArora, Meena
245 _aThe Ordeal of Being Corona Warriors: an approach to medical and essential service providers/
_cMeena Arora and Sonie Sidhu
260 _aNew Delhi
_bNational Book Trust
_c2020
270 _bNew Delhi
_e110070
_aNehru Bhawan, 5 Institutional Area, Phase-II, Vasant Kunj
300 _axxiv+83p.
_c21cm(pbk)
_bIncluding illustrations and bibliographical references.
500 _aillustration: Saumya Shukla
700 _aSidhu, Sonie
942 _2ddc
_cEN
_h616.24140954
_mARO